Football Clubs with the Highest Annual Wage Bill - Statistics

General Stats
  • This quiz has been taken 509 times
  • The average score is 15 of 20
Answer Stats
Wage (€) Club % Correct
431 mil Real Madrid
98%
529 mil FC Barcelona
97%
314 mil Manchester City
97%
334 mil Manchester United
97%
315 mil Bayern Munich
92%
337 mil Paris Saint-Germain
92%
298 mil Liverpool
91%
275 mil Chelsea
90%
271 mil Arsenal
89%
150 mil AC Milan
84%
167 mil Tottenham Hotspur
83%
159 mil Inter Milan
81%
261 mil Juventus
81%
187 mil Borussia Dortmund
79%
212 mil Atlético Madrid
75%
159 mil Roma
55%
180 mil Everton
39%
133 mil Monaco
33%
134 mil Leicester City
28%
132 mil Crystal Palace
8%
No matching quizzes found
Score Distribution
Percent of People with Each Score
Percentile by Number Answered
Your Score History
You have not taken this quiz